| 000 | 00354 a2200169 4500 | ||
|---|---|---|---|
| 001 | 183311 | ||
| 020 | _a | ||
| 040 | _cMagnum | ||
| 100 | _aLeclerc, Annie | ||
| 240 | 1 | 0 |
_aPalavra de mulher _lpor |
| 245 | 1 | 0 | _aPalavra de mulher |
| 300 | _a166 | ||
| 362 | 0 | _a1974 | |
| 440 | 1 | _aBrasiliense | |
| 697 | _aLITERATURA GERAL ESTRANGEIRA | ||
| 942 | _cBK | ||
| 999 |
_c183311 _d183311 |
||